MARC details
| 000 -LEADER |
| fixed length control field |
03492cam a2200385 i 4500 |
| 001 - CONTROL NUMBER |
| control field |
951644311 |
| 003 - CONTROL NUMBER IDENTIFIER |
| control field |
OCoLC |
| 005 - DATE AND TIME OF LATEST TRANSACTION |
| control field |
20241126110710.0 |
| 008 - FIXED-LENGTH DATA ELEMENTS--GENERAL INFORMATION |
| fixed length control field |
160818s2017 miu b 001 0 eng |
| 010 ## - |
| -- |
2016032073 |
| 020 ## - INTERNATIONAL STANDARD BOOK NUMBER |
| International Standard Book Number |
9780801096266 |
| Qualifying information |
(pbk.) |
| 020 ## - INTERNATIONAL STANDARD BOOK NUMBER |
| International Standard Book Number |
080109626X |
| Qualifying information |
(pbk.) |
| 035 ## - SYSTEM CONTROL NUMBER |
| System control number |
(OCoLC)951644311 |
| 040 ## - CATALOGING SOURCE |
| Original cataloging agency |
DLC |
| Language of cataloging |
eng |
| Description conventions |
rda |
| Transcribing agency |
DLC |
| Modifying agency |
YDXCP |
| -- |
BTCTA |
| -- |
BDX |
| -- |
GGB |
| -- |
XBE |
| -- |
YDX |
| -- |
LNT |
| -- |
CNTCS |
| -- |
OCLCO |
| -- |
CHVBK |
| -- |
OCLCO |
| -- |
OCLCA |
| -- |
OCLCQ |
| 042 ## - |
| -- |
pcc |
| 050 00 - |
| -- |
BT203 |
| -- |
.C77 2017 |
| 082 00 - DEWEY DECIMAL CLASSIFICATION NUMBER |
| Classification number |
232 |
| Edition information |
23 |
| Item number |
CRO |
| 092 ## - LOCALLY ASSIGNED DEWEY CALL NUMBER (OCLC) |
| Classification number |
232 |
| Item number |
C88��� |
| 100 1# - MAIN ENTRY--PERSONAL NAME |
| Personal name |
Crowe, Brandon D., |
| Authority record control number or standard number |
https://id.loc.gov/authorities/names/n2012017634 |
| Relator term |
author. |
| 9 (RLIN) |
16295 |
| 245 14 - TITLE STATEMENT |
| Title |
The last Adam : |
| Remainder of title |
a theology of the obedient life of Jesus in the Gospels / |
| Statement of responsibility, etc. |
Brandon D. Crowe. |
| 264 #1 - PRODUCTION, PUBLICATION, DISTRIBUTION, MANUFACTURE, AND COPYRIGHT NOTICE |
| Place of production, publication, distribution, manufacture |
Grand Rapids, Michigan : |
| Name of producer, publisher, distributor, manufacturer |
Baker Academic, a division of Baker Publishing Group, |
| Date of production, publication, distribution, manufacture, or copyright notice |
[2017] |
| 300 ## - PHYSICAL DESCRIPTION |
| Extent |
xvii, 264 pages ; |
| Dimensions |
23 cm |
| 336 ## - CONTENT TYPE |
| Content type term |
text |
| Content type code |
txt |
| Source |
rdacontent |
| 337 ## - MEDIA TYPE |
| Media type term |
unmediated |
| Media type code |
n |
| Source |
rdamedia |
| 338 ## - CARRIER TYPE |
| Carrier type term |
volume |
| Carrier type code |
nc |
| Source |
rdacarrier |
| 504 ## - BIBLIOGRAPHY, ETC. NOTE |
| Bibliography, etc. note |
Includes bibliographical references and index. |
| 505 0# - FORMATTED CONTENTS NOTE |
| Formatted contents note |
A tale of two Adams in the history of interpretation -- The last Adam and the Son of man in the Gospels -- The last Adam as the obedient Son of God -- The last Adam and the fulfillment of Scripture -- The glory of the last Adam in the Gospel of John -- The last Adam and the kingdom of righteousness -- The death and resurrection of the last Adam -- The last Adam and salvation : theological synthesis and Conclusions. |
| 520 ## - SUMMARY, ETC. |
| Summary, etc. |
There is much discussion today about how we are to understand the life of Jesus in the Gospels. What was Jesus doing between his birth and death and how does this relate to salvation? The Last Adam considers the theological and soteriological significance of the life of Jesus in the Gospels from a primarily exegetical perspective. Brandon Crowe argues that Jesus is identified in the Gospels as the last Adam whose obedience recapitulates and overcomes the sin of the first Adam. Crowe shows that Jesus's obedience is presented by the Evangelists as the obedience of an anointed representative, which is counted vicariously on behalf of his people. Key topics covered include Jesus's baptism and temptation, his fulfillment of Scripture, the necessity of his works, the binding of the strong man and the inbreaking of the kingdom, and Jesus's death and resurrection. Crowe also discusses how his argument interfaces with systematic theology and the church's creedal traditions, which are often thought to say little about Jesus's life. Correcting the Christian tendency to minimize the life of Jesus, The Last Adam explains why the Gospels include much more than the Passion Narratives and shows that all four Gospels present Jesus's obedient life as having saving significance. - from publisher. |
| 600 00 - SUBJECT ADDED ENTRY--PERSONAL NAME |
| Personal name |
Jesus Christ |
| General subdivision |
Person and offices |
| Authority record control number or standard number |
https://id.loc.gov/authorities/subjects/sh85070081 |
| General subdivision |
Biblical teaching. |
| Authority record control number or standard number |
https://id.loc.gov/authorities/subjects/sh00007757 |
| 9 (RLIN) |
9004 |
| 600 00 - SUBJECT ADDED ENTRY--PERSONAL NAME |
| Personal name |
Adam |
| Titles and other words associated with a name |
(Biblical figure) |
| Authority record control number or standard number |
https://id.loc.gov/authorities/names/n82025265 |
| 9 (RLIN) |
14414 |
| 630 00 - SUBJECT ADDED ENTRY--UNIFORM TITLE |
| Uniform title |
Bible. |
| Name of part/section of a work |
Gospels |
| Authority record control number or standard number |
https://id.loc.gov/authorities/names/n79063688 |
| General subdivision |
Theology. |
| Authority record control number or standard number |
https://id.loc.gov/authorities/subjects/sh2001008984 |
| 9 (RLIN) |
16296 |
| 630 00 - SUBJECT ADDED ENTRY--UNIFORM TITLE |
| Uniform title |
Bible. |
| Name of part/section of a work |
Gospels |
| General subdivision |
Criticism, interpretation, etc. |
| Authority record control number or standard number |
https://id.loc.gov/authorities/subjects/sh85013760 |
| 9 (RLIN) |
2775 |
| 650 #0 - SUBJECT ADDED ENTRY--TOPICAL TERM |
| Topical term or geographic name entry element |
Typology (Theology) |
| Authority record control number or standard number |
https://id.loc.gov/authorities/subjects/sh85139176 |
| 9 (RLIN) |
611 |
| 942 ## - ADDED ENTRY ELEMENTS (KOHA) |
| Source of classification or shelving scheme |
Dewey Decimal Classification |
| Koha item type |
Books |